| 000 | 02288nab a2200289 4500 | ||
|---|---|---|---|
| 001 | 768714001 | ||
| 003 | CO-MdFUSB | ||
| 005 | 20240515113913.0 | ||
| 008 | 171009s2016 xxu||||| |||| 00| 0 eng d | ||
| 022 | _a1669-8649 | ||
| 040 |
_aCO-MdFUSB _bspa _cCO-MdFUSB _dCO-MdFUSB |
||
| 041 | _aeng | ||
| 100 | 1 |
_aGonzález, Justo L., _d1937- _eautor |
|
| 242 | _aLa historia de la Biblia | ||
| 245 | 4 |
_aThe bible and history _c/ Justo L. González |
|
| 300 |
_aVolumen 11, número 1 (2016), páginas: 89-95 _c: 20 cm. |
||
| 520 | 1 | _aDesde un largo viaje de casi 20 siglos, la iglesia siempre ha podido contar con la presencia de la biblia. Desde el momento de su nacimiento en el día de Pentecostés, la iglesia ya tenía los escritos Hebreos en sus manos —lo que nosotros ahora llamamos el Antiguo Testamento— y lo usaron para interpretar lo que estaba sucediendo. Así Pedro en Hechos de los apóstoles capítulo 2 usa las palabras del profeta Joel para explicar lo que estaba pasando con el don del Espíritu Santo. Poco tiempo después, al expandirse a otras culturas y generaciones, la iglesia podía confiar en los evangelios y en las epístolas paulinas para enseñar a los creyentes las historias de Jesús y el significado de la fe. Así, por ejemplo, a mediados del siglo II, Justino Mártir narra que los cristianos se reunieron el primer día de la semana para partir el pan y leer las "memorias de los apóstoles", es decir, los Evangelios. Mucho tiempo más o menos, asediado por todo tipo de doctrinas que torcieron el evangelio de Jesucristo, la iglesia comenzó a establecer el canon del Nuevo Testamento. | |
| 546 | _aTexto en inglés | ||
| 650 | 0 |
_9360 _aBiblia _bEvidencias, autoridad, etc. |
|
| 690 | _aCristianismo | ||
| 773 |
_049416 _976183 _gVolumen 11, número 1 (2016), páginas: 89-95 _qPágina 89 _tJournal of Latin American Theology |
||
| 773 |
_049416 _982396 _gVolumen 11, número 1 (2016), páginas: 89-95 _qPágina 89 _tJournal of Latin American Theology |
||
| 773 |
_049416 _982481 _gVolumen 11, número 1 (2016), páginas: 89-95 _qPágina 89 _tJournal of Latin American Theology |
||
| 773 |
_049416 _982482 _gVolumen 11, número 1 (2016), páginas: 89-95 _qPágina 89 _tJournal of Latin American Theology |
||
| 942 | _cANA | ||
| 945 | _aJennifer - Auxiliar | ||
| 999 |
_c64068 _d64068 |
||